000 00368nam a2200145Ia 4500
008 230917s9999||||xx |||||||||||||| ||und||
040 _e123067
_aMAIN
041 _aEnglish
082 _a519.2 O1P
100 _aO' Hagan, Anthony
245 0 _aProbability: methods and measurment
260 _aLondon
_bChapman and Hall
_c1988
300 _ax p. ; 291p.
942 _cBK
999 _c69164
_d69164